000 00774nam a22002177a 4500
999 _c21393
_d21393
003 AR-CdUCM
008 190517b ||||| |||| 00| 0 spa d
020 _a9786073243780
040 _aMUNICIPALIDAD PROVINCIAL DEL CUSCO
_cBIBLIOTECA MUNICIPAL DEL CUSCO
082 _a513/T83
_bT83
_2Decimosegunda
100 _aTriola, Mario
_944618
245 _aEstadística /
_cMario F. Triola
260 _aMéxico ;
_bPearson,
_c2018.
300 _a784 Páginas. :
_c21x27 cm.
505 _aContenido: Introducción a la Estadística -- Exploración de datos con tabla y gráficas -- Distribuciones de probabilidad discreta, norma ...
650 _aMatemáticas
_99398
650 _aEstadística
_95668
650 _aProbabilidades
_916891
942 _2ddc
_cLIBROS
945 _aRoel